Geometric transformations /

Guardado en:
Autor Principal: IAglom, I. M. 1921-1988.
Formato: Libro
Idioma:English
Russian
Publicado: New York : Random House/Singer, c1962-<1973 >.
Series:New mathematical library ; 8, 21, 24
Materias:
Etiquetas: Agregar Etiqueta
Sin Etiquetas, Sea el primero en etiquetar este registro!
LEADER 01250cam a22003011a 4500
001 MAT.inmabb002854
008 730102m19629999nyua##########000#0#eng##
005 20130214173001.0
245 1 0 |a Geometric transformations /  |c I. M. Yaglom ; translated from the Russian by Allen Shields. 
260 |a New York :  |b Random House/Singer,  |c c1962-<1973 >. 
300 |a v. <1-3 > :  |b il. ;  |c 23 cm. 
440 0 |a New mathematical library ;  |v 8, 21, 24 
500 |a Vol. 3, traducido por A. Shenitzer. 
500 |a Los vols. 1-2 son traducción del v. 1 de la ed. original en ruso (1955). 
500 |a El vol. 3 es traducción del primero de los dos capítulos que componen el v. 2 de la ed. original en ruso (1956). 
510 4 |a MR,  |c 31 #6148  |3 (v. 1) 
510 4 |a MR,  |c 39 #3375  |3 (v. 2) 
020 |a 0394015649 (v. 1) 
100 1 |a IAglom, I. M.  |q (Isaak Moiseevich),  |d 1921-1988. 
240 1 0 |a Geometricheskie preobrazovaniia.  |l Inglés 
650 0 |a Transformations (Mathematics) 
084 |a 51  |2 msc2000 
010 |a  62018330  
040 |a DLC  |c DLC  |d DLC 
041 1 |a eng  |h rus 
859 |h 51  |i Ia11  |p A-5436  |v 1  |3 Part 1  |b BIB. MATEMATICA 
859 |h 51  |i Ia11  |p A-5437  |v 2  |3 Part 2  |b BIB. MATEMATICA 
859 |h 51  |i Ia11  |p A-5438  |v 3  |3 Part 3  |b BIB. MATEMATICA